000 02412nam a22003977a 4500
003 AR-RoUNA
005 20260225121412.0
008 260225b |||||||| |||| 00| 0 spa d
020 _a0-942454-23-5
022 _a1062-886X
040 _aAR-RoUNA
_bspa
_dAR-RoUNA
041 _aeng
044 _aag
100 1 _aMcDaniel, Lori H.
_4drt
_927615
245 1 0 _aThe AR Creative Directory /
_cLori H. McDaniel director creativo
260 _aChicago; Estados Unidos de América:
_bAlexander Communications,
_c1990.
300 _a211 p.:
_bfot. col.
_bil. col.
_c29x22 cm.
505 0 _tINDICE
505 0 _tIndice de anunciantes. p. 6
505 0 _tResúmenes AR. p. 15
505 0 _tPlanificador AR. p. 23
505 0 _tDiseño gráfico. p. 33
505 0 _t Ilustración. p. 59
505 0 _t Fotografía. p. 77
505 0 _t Fotografía de archivo. p. 162
505 0 _tServicios de papel y pintura. p. 171
505 0 _tDirectorio de servicios. p. 197
520 3 _aTodos los recursos que necesitas para elaborar un informe anual eficaz se encuentran entre las tapas de este libro. Su informe anual es una oportunidad única para proyectar una imagen más clara y positiva de su empresa a una amplia audiencia de potenciales inversores e incluso consumidores. Su éxito dependerá de su planificación eficaz y de la ejecución de una amplia gama de disciplinas. AR Creative Directory y nuestros otros productos de AR están diseñados para ayudarlo a alcanzar el estándar más alto posible para su informe anual. Destaca el trabajo de diseñadores, fotógrafos, ilustradores y servicios de producción de impresión de todo el país. Cada uno de los creativos que aparecen en este libro es un profesional talentoso, capaz de materializar y enriquecer su visión para su informe anual. Nuestro propósito al brindarle este recurso es ayudarlos a comunicarse con usted y mostrarle muestras de su trabajo. Te animamos a que les llames para ver más trabajos y contratarles cuando sea necesario.Hemos incluido algunos extractos de ar news, nuestro boletín mensual. Estos "resúmenes" le recordarán los temas clave que debe abordar en su informe anual.
650 4 _aArte
650 4 _aDiseño gráfico
908 _aImp
930 _e12288
942 _2udc
_cLIB
945 _d2026-02-25
980 _65
_aMaría Machado
_85
_gMaría Machado
999 _c12347
_d12347